La pasión y muerte del cura Deusto
Saved in:
| Hovedforfatter: | |
|---|---|
| Format: | Bog |
| Sprog: | spansk |
| Udgivet: |
Santiago
Nascimento
1938
|
| Udgivelse: | 2a. ed |
| Serier: | Obras Completas de Augusto D'Halmar, 14
|
| Fag: | |
| Tags: |
Tilføj Tag
Ingen Tags, Vær først til at tagge denne postø!
|
MARC
| LEADER | 00000nam a2200000 a 4500 | ||
|---|---|---|---|
| 001 | UCT8444 | ||
| 003 | CL-VaPUC | ||
| 008 | 970326e19380000CL |||||||||||||||||spa|d | ||
| 082 | 0 | 4 | |a Ch863 |b DHA |2 21 |
| 100 | 0 | |a D'Halmar, Augusto |e author |9 315574 | |
| 245 | 1 | 3 | |a La pasión y muerte del cura Deusto |
| 250 | |a 2a. ed | ||
| 300 | |a 270 p | ||
| 942 | |c BK | ||
| 945 | |d 19970326 00:00:00 |a rleighto | ||
| 260 | |a Santiago |b Nascimento |c 1938 | ||
| 650 | 0 | |a Novelas chilenas |9 265425 | |
| 583 | |a last modification |c 20150520 11:36:22 |k Rodrigo Vera | ||
| 490 | 0 | |a Obras Completas de Augusto D'Halmar, 14 | |
| 999 | |c 256941 |d 256939 | ||
| 952 | |0 0 |1 0 |4 0 |6 CH_863_000000000000000_DHA_1938 |7 0 |8 A |9 280105 |a FDOPOS |b FDOPOS |d 2019-11-19 |i 1318500 |o Ch863 DHA 1938 |p 1318500 |r 2025-01-22 |w 2019-11-19 |y BK |k MLH | ||